| 000 | 01310nam a22002297a 4500 | ||
|---|---|---|---|
| 999 |
_c56892 _d56892 |
||
| 003 | Ge_BSU | ||
| 005 | 20190610204034.0 | ||
| 008 | 190610b2018 ||||| |||| 00| 0 geo d | ||
| 020 | _a9789941264030 | ||
| 041 | _ageo | ||
| 080 | _a811.354..41'367.3 მ-74 | ||
| 100 |
_aმაყვალე, მიქელაძე. _92367 |
||
| 245 |
_aთანამედროვე წოვათუშური ენის შერწყმული და რთული წინადადების სინტაქსი / _cმაყვალა მიქელაძე ; რედ: ვაჟა შენგელია ; ქეთევან გიგაშვილი. _b[მონოგრაფია] |
||
| 264 |
_aთბილისი : _bუნივერსალი, _c2018. |
||
| 300 |
_a156 გვ. ; _c20 სმ. |
||
| 504 | _aბიბლიოგრაფია: გვ.199-203. | ||
| 653 | _aბაცბური ენა | ||
| 653 | _aწოვათუშური ენა -- გრამატიკა -- კავკასიური ენები | ||
| 700 |
_aშენგელია, ვაჟა _eრედაქტორი _92368 |
||
| 700 |
_aგიგაშვილი, ქეთევან _eრედაქტორი _92369 |
||
| 942 |
_2udc _cBK |
||